K niektorým otázkam ďalšieho rozvoja NHK členských krajín RVHP so zreteľom na zapojenie čsl. NHK do MPD osobitne do MSDP priebežná výskumná správa čiastkovej úlohy ŠPZV IX-2-4/5.1

Enregistré dans:
Détails bibliographiques
Format: Livre
Langue:slovaque
Publié: Bratislava VŠE 1988
Tags: Ajouter un tag
Pas de tags, Soyez le premier à ajouter un tag!

MARC

LEADER 00000nam a2200000 4500
001 c034202
005 20260325122011.8
041 0 |a slo 
044 |a SK 
245 1 0 |a K niektorým otázkam ďalšieho rozvoja NHK členských krajín RVHP so zreteľom na zapojenie čsl. NHK do MPD osobitne do MSDP  |b priebežná výskumná správa čiastkovej úlohy ŠPZV IX-2-4/5.1 
264 1 |a Bratislava  |b VŠE  |c 1988 
300 |a 108 s.